Avvenimenti e tipologie le poetiche di Carlo Sgorlon /

Elmentve itt :
Bibliográfiai részletek
Szerző: Bernardelli Ezio
Dokumentumtípus: Cikk
Megjelent: 1982
Sorozat:Acta Universitatis Szegediensis de Attila József Nominatae : acta romanica 7
Kulcsszavak:Irodalomtudomány - tanulmány, Sgorlon, Carlo, Olasz irodalom - költészet - 20-21. sz.
Online Access:http://acta.bibl.u-szeged.hu/1663
LEADER 00733nab a2200181 i 4500
001 acta1663
005 20210421130040.0
008 161015s1982 hu o 0|| ita d
022 |a 0567-8099 
040 |a SZTE Egyetemi Kiadványok Repozitórium  |b hun 
041 |a ita 
100 1 |a Bernardelli Ezio 
245 1 0 |a Avvenimenti e tipologie   |h [elektronikus dokumentum] :  |b le poetiche di Carlo Sgorlon /  |c  Bernardelli Ezio 
260 |c 1982 
300 |a 37-75 
490 0 |a Acta Universitatis Szegediensis de Attila József Nominatae : acta romanica  |v 7 
695 |a Irodalomtudomány - tanulmány, Sgorlon, Carlo, Olasz irodalom - költészet - 20-21. sz. 
856 4 0 |u http://acta.bibl.u-szeged.hu/1663/1/romanica_007_037-075.pdf  |z Dokumentum-elérés